000 00460nam a2200181Ia 4500
001 9905
005 20260306161752.0
008 260306t2013||||xx |||||||||||||| ||spa||
041 _aESP
082 _a808.066378
_bP28
100 _aPatiño Díaz, Gustavo
_eAUT
245 0 _aEscritura y universidad:
_bguía para el trabajo académico
260 _c2013
300 _a361 páginas :
_c24 cm.
650 _aGEN
654 _aCHU
942 _cLIB
_dJUS
_fJUS
_2ddc
_n
999 _c9905
_d9905